000
00221 a2200097 4500
001
38207
100
_a
Matiur Rehman
245
_a
Second thoughts on Bangladesh
260
_a
Islamabad
_b
NBF
_c
1979
090
_c
24265
_d
24265
942
_a
NUST-CAE
_c
M
_c
15853
999
_c
273280
_d
273280